Statystyki dla Reprezentacje należące do CONMEBOL

Kliknij tutaj aby rozwiązać quiz!

Ogólne statystyki

  • Ten quiz został rozwiązany 36 razy
  • Średni wynik to 10 z 10

Statystyki odpowiedzi

Reprezentacja% Poprawnych
Argentyna
100%
Brazylia
100%
Chile
97%
Peru
97%
Wenezuela
97%
Kolumbia
94%
Paragwaj
94%
Urugwaj
94%
Ekwador
92%
Boliwia
89%

Rozkład punktacji

Percentyl według liczby udzielonych odpowiedzi

Procent ludzi z każdym wynikiem

Twoja historia wyników

Nie rozwiązałeś tego quizu